LEADER 01099nam0-22003491i-450- 001 990004579990403321 005 20150204115249.0 035 $a000457999 035 $aFED01000457999 035 $a(Aleph)000457999FED01 035 $a000457999 100 $a19990604d1967----km-y0itay50------ba 101 1 $aita 105 $ay---e---001yy 200 1 $a<>vita secondo lo spirito$econdizione del cristiano$fIgnace de la Potterie, Stanislas Lyonnet$gintroduzione di Y. M.-J. Congar 210 $aRoma$cEditrice A.V.E.$d[1967] 215 $a356 p.$d21 cm 225 1 $aTeologia oggi$v1 300 $aTraduzione di Tommaso Federici rivista dagli autori 610 0 $aCristianesimo$aTeologia 676 $a248.46$v22 676 $a230$v20 700 1$aLa Potterie,$bIgnace : de$0181501 701 1$aLyonnet,$bStanislas$0181357 702 1$aCongar,$bYves$f<1904-1995> 801 0$aIT$bUNINA$gRICA$2UNIMARC 901 $aBK 912 $a990004579990403321 952 $a248.46 POT 1$bBibl. 43665$fFLFBC 959 $aFLFBC 996 $aVita secondo lo spirito$9549859 997 $aUNINA LEADER 02195nas 2200457 n 450 001 990008947130403321 005 20240229084532.0 011 $a1040-8398 035 $a000894713 035 $aFED01000894713 035 $a(Aleph)000894713FED01 035 $a000894713 091 $2CNR$aP 00203560 100 $a20161109a19809999km-y0itaa50------ba 101 0 $aeng 102 $aUS 110 $aauu-------- 200 1 $aCritical reviews in food science and nutrition 207 1$a1980- 210 $aBoca Raton, Fla.$cCRC Press 326 $aBimestrale 430 0$12001$aCRC critical reviews in food science and nutrition 452 0$12001$aCritical reviews in food science and nutrition (Online) 517 0 $aChemical Rubber Company critical reviews in food science and nutrition 517 0 $aCRC critical reviews in food science and nutrition 530 0 $aCritical reviews in food science and nutrition 531 $aCRIT. REV. FOOD SCI. NUTR. 676 $a664.005 801 0$aIT$bACNP$c20090723 859 4 $uhttp://acnp.cib.unibo.it/cgi-ser/start/it/cnr/dc-p1.tcl?catno=82673&person=false&language=ITALIANO&libr=&libr_th=unina1$zBiblioteche che possiedono il periodico 901 $aSE 912 $a990008947130403321 958 $aBiblioteca Centralizzata. Facoltà di Agraria dell'Università Federico II di Napoli$b1994-1999;$c1996-1997;1999;$fFAGBC 958 $aBiblioteca. Dipartimento Scienza degli Alimenti. Sez. Scienza degli Alimenti-Facoltà di Agraria-Università degli Studi Federico II di Napoli$b1990;1993-2000;$c1990;1993;1997;2000;$fDAGSA 959 $aFAGBC 959 $aDAGSA 996 $aCritical reviews in food science and nutrition$9797529 997 $aUNINA AP1 8 $6866-01$aNA087 Biblioteca Centralizzata. Facoltà di Agraria dell'Università Federico II di Napoli$ev. Università, 100 Palazzo Reale, 80055 Portici (NA)$m081-2539322$m081-7760229$nit AP1 8 $6866-02$aNA144 Biblioteca. Dipartimento Scienza degli Alimenti. Sez. Scienza degli Alimenti-Facoltà di Agraria-Università degli Studi Federico II di Napoli$ev. Università,100, 80055 Portici (NA)$m08125.39322$nit AP2 4 $uhttp://firstsearch.oclc.org